| 000 | 00824nam a22002057a 4500 | ||
|---|---|---|---|
| 003 | OSt | ||
| 005 | 20250428122529.0 | ||
| 008 | 250428s2016 pe a fr|||| 00| 0 spa d | ||
| 040 |
_aCENDOC CAAAP _bspa _cCAAAP |
||
| 041 | _aspa | ||
| 050 |
_aLC 120.I5 _bA86 |
||
| 110 | 1 |
_94365 _aPerú. Ministerio de Educación |
|
| 245 |
_aUna apuesta por la primera infancia indígena : _bproyecto de formación intercultural para el desarrollo integral y el cuidado de la primera infancia indígena de la amazonía / _cMinisterio de Educación |
||
| 250 | _a1ra. ed. | ||
| 260 |
_aLima, Perú : _bMinisterio de Educación, _bOrganización de los Estados Americanos, _c2016 |
||
| 300 |
_a68 p. : _bilus, _c21 x 30 cm |
||
| 650 | 0 |
_94 _aPueblos Indígenas _xDerechos del niño _zAmazonía |
|
| 650 | 0 |
_vPrimera Infancia _zPerú |
|
| 942 |
_2lcc _cBK |
||
| 999 |
_c3970 _d3970 |
||